| 000 | 00502nam a2200193Ia 4500 | ||
|---|---|---|---|
| 005 | 20231125112420.0 | ||
| 008 | 131103s9999 xx 000 0 und d | ||
| 020 |
_a143029037 _cRs. 395 |
||
| 040 | _aLoreto College | ||
| 041 | _aEnglish | ||
| 082 |
_aF _bWOR |
||
| 100 | _aWorthington, Gary | ||
| 245 | 4 |
_aThe Mangarh chronicles _b an epic novel _cGary Worthington |
|
| 260 |
_aNew Delhi _bPenguin Books _c2002 |
||
| 300 | _a591p, 21.5 cm. | ||
| 650 | _aFiction | ||
| 850 | _aLCLIB | ||
| 942 | _cBK | ||
| 999 |
_c2240 _d52719 |
||